| 000 | 00416nam a2200145Ia 4500 | ||
|---|---|---|---|
| 003 | GCL | ||
| 008 | 140319s9999 xx 000 0 ara d | ||
| 040 |
_aGCL / _cGCL |
||
| 082 | 0 | 4 |
_aد _b050 _bا م |
| 245 | 1 | 0 | _aمكتبات. نت(مج4\ع3-4) |
| 260 |
_aالقاهرة : _bايبيس.كوم |
||
| 650 | 0 | 4 | _aالمكتبات والمعلومات |
| 650 | 0 | 4 | _aالمكتبات الالكترونية |
| 942 |
_2ddc _cCR |
||
| 999 |
_c7939 _d7939 |
||